The international monetary system : Conflict and reform

Đã lưu trong:
書目詳細資料
主要作者: Mundell, Robert A.
格式: 圖書
語言:Undetermined
出版: Canada Private Planning Association 1965
主題:
標簽: 添加標簽
沒有標簽, 成為第一個標記此記錄!
Thư viện lưu trữ: Trung tâm Học liệu Trường Đại học Cần Thơ
LEADER 00541nam a2200193Ia 4500
001 CTU_82275
008 210402s9999 xx 000 0 und d
082 |a 332.4 
082 |b I.61 
100 |a Mundell, Robert A. 
245 4 |a The international monetary system : 
245 0 |b Conflict and reform 
245 0 |c Robert A. Mundell 
260 |a Canada 
260 |b Private Planning Association 
260 |c 1965 
650 |a International finance 
904 |i Trọng Hải 
980 |a Trung tâm Học liệu Trường Đại học Cần Thơ